000 00838nam a2200217Ii 4500
003 JO-AjNU
008 230605s9999||||xx |||||||||||||| ||und||
017 _a2008/2/559
040 _aJO-AjNU
_bara
_erda
_cJO-AjNU
041 _aara
050 1 4 _aHF5415.I23 .T326 .2008
100 3 _aالطائي،محمد عبد حسين/تيسير محمد العجارمة,
_eauthor
_929768
245 0 0 _a نظم المعلومات التسويقية : مدخل إلى تكنولوجيا المعلومات
250 _aط1
264 3 1 _aعمان:اثراء للنشر والتوزيع؛2008
300 _a264ص
_bيحتوي على ببلوغرافية من ص257-264ص
336 _atext
_btxt
_2rdacontent
337 _aunmediated
_bn
_2rdamedia
338 _avolume
_bnc
_2rdacarrier
650 4 _aالتسويق-نظم معلومات
_929769
999 _aA11718
_c15286
_d15286